• 首页
  • 本馆介绍
  • 公告通知
  • 最新文献
  • 馆藏检索
  • 电子资源
  • 读者导购
  • 参考咨询
  • 我的图书馆
  • 登录
  • 详细信息显示
  • 放入我的书架
  • 预约/预借图书
  • 作者相关作品
  • 分类相关作品
  • 丛书相关作品
  • 出版社相关作品

书目信息

  • 表格格式
  • 工作单格式
  • 卡片格式
题名:
西方中世纪艺术史
    
 
作者: 扎内奇 著 ;陈平 译
分册:  
出版信息: 杭州   浙江美术学院出版社  2006
页数: 414页
开本: 26cm
丛书名:
单 册:
中图分类: J110.93
科图分类:
主题词: 美术史--西方国家--中世纪 , 建筑艺术--艺术史--西方国家--中世纪 , 建筑艺术 , 美术史
电子资源:
ISBN: 7-81019-099-7
000 01300nam0 2200313 450
001 003270727
005 20070801171634.29
010    @a7-81019-099-7@dCNY68.00
100    @a20061027d2006 em y0chiy0110 ea
101 1  @achi@ceng
102    @aCN@b330000
105    @aab z 001yy
200 1  @a西方中世纪艺术史@9xi fang zhong shi ji yi shu shi@e建筑·雕刻·绘画 神圣的艺术@f(英)乔治·扎内奇(George Zarnecki)著@g陈平译
205    @a2版@b修订版
210    @a杭州@c浙江美术学院出版社@d2006
215    @a414页@c图,地图@d26cm
312    @a封面英文题名:Art of the medieval world: architecture·sculpture·painting the sacred arts
330    @a本书概述和评价了从君士坦丁大帝时代到14世纪基督教艺术的的发展路线。书后附有专业词汇表、索引、文献目录等。
510 1  @aArt of the medieval world@earchitecture·sculpture·painting the sacred arts@zeng
517 1  @a建筑·雕刻·绘画 神圣的艺术@9jian zhu · diao ke · hui hua shen sheng de yi shu
606 0  @a美术史@y西方国家@z中世纪
606 0  @a建筑艺术@x艺术史@y西方国家@z中世纪
606 0  @a建筑艺术
606 0  @a美术史
690    @aJ110.93@v4
701  0 @c(英)@a扎内奇@9zha nei qi@c(Zarnecki,George@f1915~)@4著
702  0 @a陈平@9chen ping@c(美术学博士,@f1954.10~)@4译
801  0 @aCN@bNLC@c20070801
905    @a10447@dJ110.93@e97=2
    
    西方中世纪艺术史:建筑·雕刻·绘画 神圣的艺术/(英)乔治·扎内奇(George Zarnecki)著/陈平译.-2版,修订版.-杭州:浙江美术学院出版社,2006
    414页:图,地图;26cm
    
    
    ISBN 7-81019-099-7:CNY68.00
    本书概述和评价了从君士坦丁大帝时代到14世纪基督教艺术的的发展路线。书后附有专业词汇表、索引、文献目录等。
●
相关链接 在E读中查询图书 在五车中查询图书 在当当中查询图书 在豆瓣中查询图书


正题名:西方中世纪艺术史     索取号:J110.93/97=2         预约/预借

序号 登录号 条形码 馆藏地/架位号 状态 备注
1 0800364   208003649   第一样本阅览室/ [索取号:J110.93/97=2] 在馆    
2 0800365   208003658   第一借阅区/ [索取号:J110.93/97=2] 在馆    
3 0800366   208003667   第一借阅区/ [索取号:J110.93/97=2] 在馆    
4 0800367   208003676   第一借阅区/ [索取号:J110.93/97=2] 在馆    
5 0800368   208003685   密集书库-美术系/ [索取号:J110.93/97=2] 在馆    
唐山师范学院图书馆 欢迎您!
大连网信软件有限公司© 版权所有